|
|
|
|
| LEADER |
00000nam a22000007a 4500 |
| 005 |
2016061301411.0 |
| 007 |
cr|||| ||u| |
| 008 |
160613s2016 mx ||||| |||| 00||0 spa d |
| 020 |
|
|
|a 978-607-406-814-6
|
| 035 |
|
|
|a 14294
|
| 040 |
|
|
|a vLex
|
| 090 |
|
|
|c 6183
|d 6183
|
| 100 |
1 |
|
|a Martn̕ez Gutiřrez, Javier
|
| 245 |
1 |
0 |
|a Mi pensin̤. Requisitos y cl̀culos que debo conocer para obtenerla 2016
|h [Recurso electrn̤ico] /
|c Javier Martn̕ez Gutiřrez
|
| 256 |
|
|
|a Servicio en ln̕ea
|
| 260 |
|
|
|a Mx̌ico
|b Ediciones Fiscales ISEF
|c 2016
|
| 300 |
|
|
|a 1 recurso electrn̤ico
|
| 500 |
|
|
|a Este libro est ̀dirigido a todos aquellos que esperan obtener una pensin̤ digna en los da̕s de madurez en retribucin̤ a los aǫs de trabajo; tomando en consideracin̤ que las pensiones no son n︢icamente por cesanta̕ o vejez, tambiň existen las que estǹ relacionadas con riesgos o accidentes de trabajo, as ̕como las pensiones por enfermedad general que no son ocasionadas con motivo de trabajo.
|
| 506 |
1 |
|
|a Contenido solo disponible en los productos indicados
|d vLex Global
|d vLex Global (Academic Edition, excluding Law Schools)
|d vLex Global (U.S. Academic Edition, Law Schools)
|d vLex Global (U.S. Academic Edition, excluding Law Schools)
|d vLex Global (Academic Edition, Law Schools)
|
| 650 |
0 |
4 |
|a Derecho
|z Mx̌ico
|
| 740 |
0 |
|
|a vLex libros (servicio en ln̕ea)
|
| 856 |
4 |
0 |
|u http://vlex.com/source/mi-pension-requisitos-y-calculos-que-debo-conocer-para-obtenerla-2016-14294
|z Acceso restringido
|
| 942 |
|
|
|c BOOK
|
| 999 |
0 |
|
|a Law
|b Mexic
|